|
|
|
|
| LEADER |
00623nab a2200181 i 4500 |
| 001 |
acta15989 |
| 005 |
20210326125030.0 |
| 008 |
161015s2003 hu o 0|| eng d |
| 022 |
|
|
|a 0001-6969
|
| 040 |
|
|
|a SZTE Egyetemi Kiadványok Repozitórium
|b hun
|
| 041 |
|
|
|a eng
|
| 100 |
1 |
|
|a Páles Zsolt
|
| 245 |
1 |
2 |
|a A regularity theorem for composite functional equations
|h [elektronikus dokumentum] /
|c Páles Zsolt
|
| 260 |
|
|
|c 2003
|
| 300 |
|
|
|a 591-604
|
| 490 |
0 |
|
|a Acta scientiarum mathematicarum
|v 69 No. 3-4
|
| 695 |
|
|
|a Matematika
|
| 856 |
4 |
0 |
|u http://acta.bibl.u-szeged.hu/15989/1/math_069_numb_003_004_591-604.pdf
|z Dokumentum-elérés
|